Ultimate Disney Cars Character Quiz - Statistics

General Stats
  • This quiz has been taken 250 times
  • The average score is 30 of 75
Answer Stats
Description Character % Correct
Number 95, he is speed Lightning McQueen
99%
Rusty old tow truck Mater
94%
Racing legend, doctor, and judge Doc Hudson
91%
The town lawyer, a blue Porsche Sally
90%
Small yellow Fiat Luigi
86%
Rapid tire changer who doesn't speak English Guido
80%
Owner of the main gas station in town Flo
76%
McQueen's truck driver Mack
76%
Always changing his color (most know for purple) Ramone
74%
Champion Piston Cup racer who was sponsored by Dinoco The King
73%
Green 80s stock car that loves to cheat Chick Hicks
72%
Patriotic Willy's Jeep Sarge
69%
Hippie VW bus Fillmore
68%
Silent fire truck Red
68%
Town police officer Sheriff
68%
Road paving machine Bessie
67%
Elderly Model T who is one of the first residents of Radiator Springs Lizzie
60%
Owner of Dinoco Tex
60%
Founder of Radiator Springs Stanley
59%
Combine that hates cars who tractor tip Frank
55%
Blue Birtish spy car, old school Finn McMissile
53%
Arrogant Italian formula car Francesco Bernoulli
52%
McQueen's fangirls Mia and Tia
51%
Rusty old car who's bumper always falls off Fred
48%
Mater's "girlfriend", a sleek purple spy car Holley Shiftwell
48%
Cocky next-gen rookie Jackson Storm
44%
Car behind the whole oil plot Miles Axlerod
44%
Sedan who co-owns Rusteze Rusty
41%
Dodge van who co-owns Rusteze Dusty
40%
Tuner, based off a Scion DJ
39%
McQueen's trainer at the Rusteze Racing Center Cruz Ramirez
38%
Tuner, based of a Dodge Challenger Snot Rod
38%
Tuner, based off a Nissan Boost
37%
Figurehead for the Lemons Professor Z
36%
Co-announcer that is a silver sedan Darrell Cartrip
35%
McQueen's former pitty who he never called by the right name Not Chuck
35%
The King's nephew and McQueen's friend Cal Weathers
34%
Tuner, based of a Mitsubishi Wingo
34%
Grey car that commentates races Bob Cutlass
33%
Blue tow truck similar to Mater Ivan
32%
Black World Grand Prix racer from England/Grenada Lewis Hamilton
32%
Doc's old crew chief Smokey
31%
Orange Gremlin Grem
29%
Wife of Strip Weathers Linda Weathers
28%
Wife of the above with a Minnesotan accent Minnie
28%
Stubborn car that claims he has a GPS Van
28%
McQueen's friend who races for Octane Gain Bobby Swift
27%
Brazilian World Grand Prix racer Carla Veloso
27%
The silver car who bought Rusteze Sterling
27%
Crazed demolition derby school bus Miss Fritter
26%
Yellow World Grand Prix Corvette Jeff Gorvette
25%
Green Pacer Acer
24%
Red British spy car who is crushed into a cube Leland Turbo
24%
Blue Mustang commentator Brent Mustangburger
22%
Luigi and Guido's uncle Uncle Topolino
22%
Blue American spy who is brutally killed by the Lemons Rod Torque Redline
20%
Wealthy head of the Hugo family Victor Hugo
20%
Black Hugo that Mater leaks info on Alexander Hugo
18%
Statistical analyst who appears on Chick Hicks's show Natalie Certain
18%
Old black car that was successful at drafting Junior Moon
16%
Light blue reporter who interviews McQueen frequently Kori Turbowitz
16%
Luigi and Guido's aunt Mama Topolino
15%
Beat up old car that breaks down near Radiator Springs Otis
15%
One of Doc's racing friends, number 34 River Scott
15%
Finn's spy jet Siddeley
15%
Three wheeled French informant Tomber
15%
Green British commentator David Hobbscap
14%
Blue and yellow Ukrainian Lemon Vladimir Trunkov
14%
Purple Gremlin from Detroit J. Curby Gremlin
13%
One of the female racing legends Louise Nash
13%
Beige and brown Pacer Tubbs Pacer
13%
Cadillac that has a talk show Mel Dorado
12%
Replaced Bobby Swift Danny Swervez
11%
Next-Gen Vitoline racer Chase Racelott
7%
Silver sports reporter that witnesses the pranks McQueen and Cal play on each other Shannon Spokes
5%
No matching quizzes found
Score Distribution
Percent of People with Each Score
Percentile by Number Answered
Your Score History
You have not taken this quiz